000
00459nam a2200145Ia 4500
008
151213s9999 xx 000 0 und d
100
_a
মনজুরে মওলা
245
_a
ইবসেন এর ব্য্রান্ড।
_c
মনজুরে মওলা
260
_a
ঢাকা
_b
সি এ টি।
_c
2005
300
_a
8743 p.
650
_a
Bangla
650
_a
নাটক
700
_a
মনজুরে মওলা
999
_c
4528
_d
4528